00492nam a22001577a 4500003000900000008004100009040007100050082001900121100002900140245003200169260003100201300002500232505002600257650002400283650002700307AR-CdUCM190313b ||||| |||| 00| 0 spa d aMUNICIPALIDAD PROVINCIAL DEL CUSCOcBIBLIOTECA MUNICIPAL DEL CUSCO a869.56 /bC547 aChevarria, Luis Alberto  aQuiquijana y Otros Poemas / aLima :bEx-libris ;c1956. a35 páginas ;c17cm aContenido: Poesía  aPoesía cusqueña aLiteratura cusqueña